000 00251 a2200121 4500
000 nam a22 7a 4500
100 _anixon
110 _anixon
245 _ahuman virology
260 _bcell pub
_c2026
264 _bcell pub
_c2026
942 _cBK
999 _c394890
_d394890